عرض عادي
عرض مارك
- أفغانستان
دخول Geographic Name
001 - CONTROL NUMBER
- control field: 29420
003 - CONTROL NUMBER IDENTIFIER
- control field: AE-AdECS
005 - DATE AND TIME OF LATEST TRANSACTION
- control field: 20260501103236.0
008 - FIXED-LENGTH DATA ELEMENTS
- fixed length control field: 260501|| aca||aabn | a|a d
040 ## - CATALOGING SOURCE
- Original cataloging agency: AE-AdECS
- Transcribing agency: AE-AdECS
151 ## - HEADING--GEOGRAPHIC NAME
- Geographic name: أفغانستان
- General subdivision: علاقات خارجية
- Geographic subdivision: الصين
670 ## - SOURCE DATA FOUND
- Source citation: Work cat.: (AE-AdECS)294944: البياتي، بيارق علي حمزة مؤلف. 29419, أفغانستان وأهميتها الجيوبولوتيكية في التنافس الأمريكي الصيني /
